Statistiques concernant Les Ballons d'or (années en 9)

Cliquez ici pour prendre le quiz!

Statistiques générales

  • Ce quiz a été pris 65 fois
  • Le résultat moyen est 5 sur 6

Statistiques - réponses

AnnéeNationalitéBallon d'or% Correct
2009ArgentineLionel Messi
98%
1989Pays-BasMarco van Basten
93%
1999BrésilRivaldo
92%
1959EspagneAlfredo Di Stéfano
81%
1979AngleterreKevin Keegan
59%
1969ItalieGianni Rivera
37%

Distribution des résultats

Percentile par nombre de réponses

% des personnes avec chaque résultat

Votre développement - résultats

Vous n’avez pas pris ce quiz